00490nam a22001337a 4500038002200000082000800022100002500030245012800055264003500183300001800218650003100236700003200267856005700299 aZafar Iqbal Malik a200 aSalim, Ahmed Suleman aAdvancing Medical Image Segmentation through Transformer-Enhanced Algorithms and Dataset Integration/cAhmed Suleman Salim, aIslamabad.bSEECS NUST;c2024. a72, p.b35 cm aMS-Electrical Engineering  aSupervisor: Dr. Arbab Latif uhttp://10.250.8.41:8080/xmlui/handle/123456789/48533